| 000 | 01022nam a22002057a 4500 | ||
|---|---|---|---|
| 999 |
_c10393 _d10393 |
||
| 003 | AR-CdUCM | ||
| 008 | 190401b ||||| |||| 00| 0 spa d | ||
| 040 |
_aMUNICIPALIDAD PROVINCIAL DEL CUSCO _cBIBLIOTECA MUNICIPAL DEL CUSCO |
||
| 082 |
_a396.2 / _bP28 / 1947 |
||
| 100 |
_aPatrón Faura, Pedro _927220 |
||
| 245 |
_aLegislación de la mujer peruana : _bnormas contenidas en la Constitución, en los códigos y en otras disposiciones relacionadas con la mujer en general, y en especial con las madres de familia, con las maestras y las empleadas y obreras al servicio del Estado y de empresas particulares / |
||
| 260 |
_aLima : _bImpr. Enrique R. Lulti, _c1947. |
||
| 300 |
_a124 páginas ; _c21 cm. |
||
| 505 | _aContenido: Derecho Constitucional -- Derecho Civil -- Derecho de las personas -- Derecho de secesión o de herencia -- Derecho Contractual -- Derecho Penal ... | ||
| 650 |
_aDerechos de la mujer _911616 |
||
| 650 |
_aPerú _935 |
||
| 650 |
_aLegislación _92962 |
||
| 942 |
_2ddc _cLIBROS |
||
| 945 | _aachl | ||